Aladino y la lampara maravillosa / (Registro nro. 2343)

000 -CABECERA
campo de control de longitud fija 00722nam a2200241 u 4500
001 - NÚMERO DE CONTROL
campo de control 000038784
005 - FECHA Y HORA DE LA ÚLTIMA TRANSACCIÓN
campo de control 20200120222328.0
008 - DATOS DE LONGITUD FIJA--INFORMACIÓN GENERAL
campo de control de longitud fija 100520s2000 cau r 000 0 spa d
020 ## - NÚMERO INTERNACIONAL ESTÁNDAR DEL LIBRO
Número Internacional Estándar del Libro 9503007587
043 ## - CÓDIGO DE ÁREA GEOGRÁFICA
Código de área geográfica s--ck---
090 ## - LOCALMENTE ASIGNADO TIPO-LC NÚMERO DE CLASIFICACIÓN (OCLC); NÚMERO DE CLASIFICACIÓN LOCAL (RLIN)
Número de clasificación (OCLC) (R) ; Numero de clasificación, CALL (RLIN) (NR) C
Número cutter local (OCLC) ; Número de libro/Signatura topográfica íntegra, CALL (RLIN) ALA Panamericana
245 10 - MENCIÓN DE TÍTULO
Título Aladino y la lampara maravillosa /
Mención de responsabilidad, etc. ilustraciones: Javier Fernando Porras.
250 ## - MENCIÓN DE EDICIÓN
Mención de edición 1a. ed.
260 ## - PUBLICACIÓN, DISTRIBUCIÓN, ETC.
Lugar de publicación, distribución, etc. Bogotá :
Nombre del editor, distribuidor, etc. Panamericana,
Fecha de publicación, distribución, etc. 2000.
300 ## - DESCRIPCIÓN FÍSICA
Extensión 63 p. :
Otras características físicas il., col.
490 #0 - MENCIÓN DE SERIE
Mención de serie Letras pegadas
500 ## - NOTA GENERAL
Nota general Ej.1 de Mosquera donado por la Biblioteca Nacional - PNLB 2012.
650 17 - PUNTO DE ACCESO ADICIONAL DE MATERIA--TÉRMINO DE MATERIA
Término de materia o nombre geográfico como elemento de entrada Literatura española
650 27 - PUNTO DE ACCESO ADICIONAL DE MATERIA--TÉRMINO DE MATERIA
Término de materia o nombre geográfico como elemento de entrada Cuento infantil
650 27 - PUNTO DE ACCESO ADICIONAL DE MATERIA--TÉRMINO DE MATERIA
Término de materia o nombre geográfico como elemento de entrada Literatura infantil
650 27 - PUNTO DE ACCESO ADICIONAL DE MATERIA--TÉRMINO DE MATERIA
Término de materia o nombre geográfico como elemento de entrada Genios
700 1# - PUNTO DE ACCESO ADICIONAL--NOMBRE DE PERSONA
Nombre de persona Porras, Javier Fernando
Existencias
Estado de retiro Estado de pérdida Fuente del sistema de clasificación o colocación Estado dañado No para préstamo Código de colección Localización permanente Ubicación/localización actual Fecha de adquisición Número de inventario Total de préstamos Signatura topográfica completa Fecha visto por última vez Fecha del último préstamo Número de copia Precio válido a partir de Tipo de ítem Koha Nota pública
Retirado       Not For Loan Literatura Infantil Biblioteca Pública San Juan Bosco Biblioteca Pública San Juan Bosco 20/01/2020 NT 1 C ALA 20/03/2021 20/03/2021 ej.1 20/01/2020 Libro Literatura Quince días

© Todos los derechos reservados para la Biblioteca Pública Municipal San Juan Bosco, 2020
Secretaria de Cultura de Mosquera
Carrera 3 N° 10 Esquina Centro Cultural Barrio El Carmén Teléfono: 8270830 Ext: 34
Funcionando con KOHA
Contacto: Biblioteca Pública Municipal San Juan Bosco/ bibliotecasanjuanbosco@mosquera-cundinamarca.gov.co
Mosquera, Cundinamarca